000 00498nam a22001817a 4500
003 OSt
005 20251127142730.0
008 251127b |||||||| |||| 00| 0 eng d
020 _a978-0-553-38569
040 _aDWCL - Main
_cOC
082 _aF M375d 2012
100 _aMartin, George R.R.
245 _aDreamsongs /
_cGeorge R.R. Martin
260 _aUSA:
_bBantam Books,
_cc2012.
504 _aIncludes bibliographical references.
650 _a1. Fiction - Fantasy
942 _2ddc
_cFIC.
_kF
_n0
999 _c6480
_d6480